| 000 | 00772nam a2200241 i 4500 | ||
|---|---|---|---|
| 001 | 186462 | ||
| 003 | SpMaBN | ||
| 005 | 20260525062937.0 | ||
| 008 | 161115s1940 ag |||| | spa d | ||
| 080 | _a398(520)(082.2) | ||
| 080 | _a930.85(520) | ||
| 100 | 1 |
_aWakatsuki, Fukuyiro. _9161268 |
|
| 245 | 1 | 0 |
_aTradiciones japonesas / _cFukuyiro Wakatsuki. |
| 250 | _a1ª ed. popular para la Colección austral. | ||
| 260 |
_aBuenos Aires : _bEspasa-Calpe Argentina, _c1940. |
||
| 300 |
_a156 p. ; _c18 cm. |
||
| 490 | 1 |
_aColección austral ; _v103 |
|
| 650 | 7 |
_aLeyendas- _zJapón. _9161269 |
|
| 651 | 4 |
_aJapon- _xCivilización. _98883 |
|
| 830 | 0 |
_aColección austral _v103 _9177655 |
|
| 852 |
_aES-MaACL _jL-30814 _z. - Donat. Miguel A. Velasco |
||
| 999 |
_c186462 _d186462 |
||